000
00291nam a22001217a 4500
999
_c
190
_d
190
005
20181103145640.0
008
181103b ||||| |||| 00| 0 eng d
040
_c
CoMeUDC
082
_a
ecyccam
245
_a
Video Cámara
300
_b
Caja+cable poder+cable RCA+2 baterias
942
_2
ddc
_c
CAM